تحميل...

Development administration in India

التفاصيل البيبلوغرافية
مؤلفون آخرون: Panandikar, Pai V.A (المحرر)
التنسيق: Printed Book
اللغة:English
منشور في: London Macmillan company 1974
الموضوعات:
LEADER 00537nam a22001577a 4500
005 20151215125132.0
008 091030t xxu||||| |||| 00| 0 eng d
082 |a 338.954   |b PAN 
100 |a Panandikar, Pai V.A.  |e Editor  |9 20620 
245 |a Development administration in India 
300 |a xx, 238p. 
653 |a Administration  |a India 
942 |c BK  |6 _ 
260 |c 1974  |a London  |b Macmillan company 
999 |c 97943  |d 97943 
952 |0 0  |1 0  |2 ddc  |4 0  |6 338954_PAN  |7 0  |9 123392  |a SMS  |b SMS  |c GEN  |d 2009-10-30  |o 338.954 PAN  |p SMS009085  |r 2009-10-30  |w 2009-10-30  |y BK